| 000 | 00564nam a2200193Ia 4500 | ||
|---|---|---|---|
| 005 | 20250423101246.0 | ||
| 008 | 250422s9999 xx 000 0 und d | ||
| 020 | _a9780205172771 | ||
| 050 | _aPN 6142 .F68/ | ||
| 100 | _aRoot, Robert L. | ||
| 245 | 4 | _aThe fourth genre : contemporary writers of/on creative nonfiction | |
| 250 | _a6th ed. | ||
| 260 | _aBoston | ||
| 260 | _bPearson | ||
| 260 | _c2012 | ||
| 300 | _a424 p | ||
| 650 | _aEssays. Essay--Authorship. Reportage literature. Reportage literature--Authorship. Creative nonfiction. | ||
| 942 | _cBK | ||
| 999 |
_c35771 _d35771 |
||